000
00251nam a2200109Ia 4500
008
190216s9999||||xx |||||||||||||| ||und||
100
_a
Ummer Moulavi
245
0
_a
Tharjumanul Quran
260
_b
Mac Millian And Com. Ltd
650
_a
Arabic
942
_c
BK
999
_c
127
_d
127